Michalovce. Novostavba na mieste zaniknutej synagógy

Gespeichert in:
Bibliographische Detailangaben
1. Verfasser: Nedelská, Katarína (Verfasst von)
Weitere Verfasser: Botek, Andrej (Betreuung Doktorarbeit)
Format: Manuskript Buch
Sprache:Slowakisch
Veröffentlicht: Bratislava 2017
Schlagworte:
Online-Zugang:http://is.stuba.sk/zp/portal_zp.pl?podrobnosti=128708
Tags: Tag hinzufügen
Keine Tags, Fügen Sie das erste Tag hinzu!

MARC

LEADER 00000ntm a22000003a 4500
001 stuzp63823
003 SK-STU
005 20210215102120.5
007 ta
008 150427s2015----xo-----f-mn---000-0-slo-d
040 |a STU  |b slo 
041 0 |a slo 
100 1 |a Nedelská, Katarína  |u 053130  |4 aut  |U FAD Fakulta architektúry  |T FA Ústav dejín a teórie architektúry a obnovy pamiatok  |X 62173  |U A3130  |Y 394  |7 62173 
242 0 1 |a Michalovce. New building on the place of demolished synagogue.  |y eng 
245 1 0 |a Michalovce. Novostavba na mieste zaniknutej synagógy 
260 |c 2017  |a Bratislava 
650 4 |a synagóga  |2 slo 
650 4 |a novostavba  |2 slo 
650 4 |a Michalovce  |2 slo 
650 4 |a kultúra  |2 slo 
650 4 |a synagogue  |2 eng 
650 4 |a new building  |2 eng 
650 4 |a sign  |2 eng 
650 4 |a Michalovce  |2 eng 
700 1 |a Botek, Andrej  |u 053130  |k Z2  |4 ths  |U FAD Fakulta architektúry  |T FA Ústav dejín a teórie architektúry a obnovy pamiatok  |X 351  |U A3130  |Y 394  |7 A000000351 
856 4 |u http://is.stuba.sk/zp/portal_zp.pl?podrobnosti=128708  |u https://opac.crzp.sk/?fn=detailBiblioForm&sid=E7FF18FD4FFD5019DBFAE03CC38C